Ed Sheeran songs by album - Statistics

General Stats
  • This quiz has been taken 39 times
  • The average score is 18 of 20
Answer Stats
Question Answer % Correct
Boat
100%
Remember the Name
100%
Eyes Closed
100%
Castle on the Hill
100%
The A Team
100%
Curtains
100%
Overpass Graffiti
100%
You Need Me, I Dont Need You
93%
Perfect
93%
Beautiful People
93%
Dont
93%
Photograph
86%
Sing
86%
2Step
79%
Blow
79%
Hills of Aberfeldy
79%
The Man
71%
Barcelona
71%
Visiting Hours
71%
Firefly
64%
No matching quizzes found
Score Distribution
Percent of People with Each Score
Percentile by Number Answered
Your Score History
You have not taken this quiz